|
|
|
|
| LEADER |
00000nas a2200000 a 4500 |
| 001 |
ssj0004631 |
| 003 |
WaSeSS |
| 005 |
20200512172242.0 |
| 006 |
m d |
| 007 |
cr n |
| 008 |
021008c19859999dcuqr pss 0 a0eng c |
| 010 |
|
|
|a 2004255126
|
| 022 |
|
|
|a 1938-1573
|l 0884-9382
|y 0884-9382
|
| 035 |
|
|
|a (WaSeSS)ssj0004631
|
| 037 |
|
|
|b The Nixon Center, 1615 L St., Ste. 1250, Washington, DC 20036
|
| 037 |
|
|
|a 22573/ctt4kqp5t
|b JSTOR
|
| 040 |
|
|
|a TXU
|b eng
|c TXU
|d OCLCQ
|d ZCU
|d OCLCQ
|d NSD
|d OCLCQ
|d OCLCF
|d OCLCO
|d TEF
|d OCL
|d VT2
|d OCLCQ
|d WaSeSS
|
| 042 |
|
|
|a pcc
|a nsdp
|
| 043 |
|
|
|a n-us---
|
| 050 |
1 |
4 |
|a E840
|b .N34
|
| 082 |
1 |
0 |
|a 327
|2 14
|
| 130 |
0 |
|
|a National interest (Online)
|
| 222 |
|
4 |
|a The national interest
|b (Online)
|
| 245 |
1 |
4 |
|a The national interest
|h [electronic resource].
|
| 246 |
1 |
|
|i Journal banner has title:
|a National interest online
|
| 260 |
|
|
|a Shrub Oak, NY :
|b National Affairs
|
| 310 |
|
|
|a Quarterly
|
| 362 |
0 |
|
|a No. 1 (fall 1985)-
|
| 500 |
|
|
|a Title from title screen.
|
| 500 |
|
|
|a Published: Washington, D.C. : The Nixon Center, <2008->
|
| 506 |
|
|
|a License restrictions may limit access.
|
| 515 |
|
|
|a No. 1 also called premier issue.
|
| 525 |
|
|
|a Some vols. accompanied by supplements.
|
| 538 |
|
|
|a Mode of access: World Wide Web.
|
| 588 |
|
|
|a Latest issue consulted: No. 97 (Sept./Oct. 2008) (publisher's Web site viewed on Sept. 22, 2008).
|
| 650 |
|
7 |
|a Diplomatic relations.
|2 fast
|0 (OCoLC)fst01907412
|
| 650 |
1 |
7 |
|a Buitenlandse politiek.
|2 gtt
|
| 650 |
1 |
7 |
|a FOREIGN RELATIONS.
|2 unbist
|
| 650 |
1 |
7 |
|a POLITICAL CONDITIONS.
|2 unbist
|
| 650 |
1 |
7 |
|a UNITED STATES.
|2 unbist
|
| 650 |
1 |
7 |
|a WORLD POLITICS.
|2 unbist
|
| 651 |
|
0 |
|a United States
|x Foreign relations
|v Periodicals.
|
| 651 |
|
7 |
|a United States.
|2 fast
|0 (OCoLC)fst01204155
|
| 655 |
|
0 |
|a Electronic journals.
|
| 710 |
2 |
|
|a Nixon Center.
|
| 710 |
2 |
|
|a National Affairs, Inc.
|
| 776 |
1 |
|
|t National interest
|x 0884-9382
|w (DLC) 86641003
|w (OCoLC)12532731
|
| 856 |
4 |
0 |
|z Full text available from Research Library: 07/01/1995 to present
|u https://search.proquest.com/publication/30410
|